Optimization in Machine Learning and Applications (Record no. 12218)

MARC details
000 -LEADER
fixed length control field 00431nam a22001697a 4500
003 - CONTROL NUMBER IDENTIFIER
control field OSt
008 - FIXED-LENGTH DATA ELEMENTS--GENERAL INFORMATION
fixed length control field 240221b |||||||| |||| 00| 0 eng d
020 ## - INTERNATIONAL STANDARD BOOK NUMBER
International Standard Book Number 9789811509966
082 ## - DEWEY DECIMAL CLASSIFICATION NUMBER
Classification number 006.31 KUO
100 ## - MAIN ENTRY--PERSONAL NAME
Personal name KULKARNI,Anand J
245 ## - TITLE STATEMENT
Title Optimization in Machine Learning and Applications
250 ## - EDITION STATEMENT
Edition statement Ed 1st
260 ## - PUBLICATION, DISTRIBUTION, ETC. (IMPRINT)
Place of publication, distribution, etc New Delhi
Name of publisher, distributor, etc Springer
Date of publication, distribution, etc 2020
300 ## - PHYSICAL DESCRIPTION
Extent 195
700 ## - ADDED ENTRY--PERSONAL NAME
Personal name SATAPATHY,Suresh Chandra
942 ## - ADDED ENTRY ELEMENTS (KOHA)
Source of classification or shelving scheme Dewey Decimal Classification
Koha item type Text Books
Holdings
Withdrawn status Lost status Source of classification or shelving scheme Damaged status Not for loan Collection code Home library Current library Date acquired Source of acquisition Currency Cost, normal purchase price Bill Number Total Checkouts Full call number Acc. no. / Barcode Date last seen Actual Cost, discounted price Bill Date Koha item type Date last borrowed
    Dewey Decimal Classification     B.Tech(CSE) PIET C-LIBRARY PIET C-LIBRARY 08/02/2024 Zafaa Books and Distributors In rupees 11291.06 ZBD0369   006.31 KUO 35449 21/02/2024 7339.18 08/02/2024 Reference Books  
    Dewey Decimal Classification     B.Tech(CSE) PIET C-LIBRARY PIET C-LIBRARY 08/02/2024 Zafaa Books and Distributors In rupees 11291.06 ZBD0369 1 006.31 KUO 35450 26/05/2025 7339.18 08/02/2024 Text Books 23/05/2025

Design & Developed by: PIET Central Library
R70 Miles Stone Pattikalyana Samalkha Panipat 132102
mail ID :- [email protected], Phone No:- 0180-2569700 Ex.216